| 000 | 01160cam0a220028900 4500 | ||
|---|---|---|---|
| 001 | lce00606948 | ||
| 005 | 20190826094326.0 | ||
| 008 | 740606s1967 cau b 000 0 eng | ||
| 010 | _a 67022353 //r903 | ||
| 035 | _a(Sirsi) r16956 | ||
| 035 | _a(DLC) 67022353 //r903 | ||
| 035 | _a(UPRA)lce00606948 | ||
| 040 |
_aDLC _cDLC _dDLC _dICU |
||
| 041 | 1 |
_aeng und _heng und |
|
| 050 | 0 | 0 |
_aQC311 _b.K4213 |
| 082 | 0 | 0 | _a551.5/22 |
| 100 | 1 |
_aKern, Raymond, 1928- _dKern, Raymond, 1928- _6A74699.1 |
|
| 240 | 1 | 0 |
_aThermodynamique de base pour meneralogistes, petrographes et geologues. English _lThermodynamique de base pour meneralogistes, petrographes et geologues. English |
| 245 | 1 | 0 |
_aThermodynamics for geologists _c[by] Raymond Kern [and] Alain Weisbrod. Translated by Duncan McKie. |
| 260 |
_aSan Francisco, _bFreeman, Cooper _c[1967] |
||
| 500 | _aTranslation of Thermodynamique de base pour mineralogistes, petrographes et geologues. | ||
| 504 | _aBibliography: p. 293-298. | ||
| 650 | 0 |
_aThermodynamics. _6S405.1 |
|
| 700 | 1 |
_aWeisbrod, Alain. _6A74700.1 |
|
| 949 |
_aQC311 _wlcc _i33729001801716 _mMAIN _p2500 _tBOOK _lON-SHELF |
||
| 004 | 16956 | ||
| 999 |
_c160234 _d160234 |
||